| 000 | 01079nam a2200241 i 4500 | ||
|---|---|---|---|
| 001 | 168911 | ||
| 003 | ES-MaACL | ||
| 005 | 20240513185006.0 | ||
| 007 | t| | ||
| 008 | 080624s1861 sp ||||1| spa d | ||
| 080 | _a061.21(461.1)Ateneo(047.32) | ||
| 110 | 2 |
_aAteneo de Madrid. _91875 |
|
| 245 | 1 | 0 | _aEstatutos y reglamento interior del Ateneo Científico, Literario y Artístico de Madrid. |
| 260 |
_aMadrid : _b[s.n.], _c1861 ( _fImprenta de Tejado) |
||
| 300 |
_a23 p. ; _c21 cm. |
||
| 500 | _aTítulo tomado de la cubierta. En portada aparece: "Estatutos del Ateneo Científico, Literario y Artístico de Madrid" | ||
| 505 | _aEstatutos del Ateneo.- al final del texto: "1º de marzo de 1850" -- Reglamento interior del Ateneo.- al final del texto: "1º de marzo de 1850" "Reimpreso por acuerdo de la Junta de Gobierno, Madrid 23 de mayo de 1861" | ||
| 610 | 2 | 7 |
_aAteneo de Madrid- _vEstatutos y reglamentos. _91918 |
| 852 |
_aES-MaACL _j2203-F-5 _9R.142621 |
||
| 852 |
_aES-MaACL _j2184-F-6 _q. - Ejemplar fotocopiado |
||
| 942 | _2udc | ||
| 999 |
_c168911 _d168911 |
||